[Event "Niedersachsen-ch op-A"]
[Site "Verden"]
[Date "2013.01.06"]
[Round "7"]
[White "Falk, Tobias"]
[Black "Gruender, Michael"]
[Result "1/2-1/2"]
[WhiteElo "2002"]
[BlackElo "2022"]
[PlyCount "47"]
[EventDate "2013.01.03"]
[EventType "swiss"]
[EventRounds "7"]
[EventCountry "GER"]
[SourceTitle "EXT 2014"]
[Source "ChessBase"]
[SourceDate "2013.11.20"]
[SourceVersion "1"]
[SourceVersionDate "2013.11.20"]
[SourceQuality "1"]

1. c4 g6 2. d4 Bg7 3. Nc3 d6 4. Bg5 f6 5. Bh4 Nh6 6. Nf3 Nf5 7. Bg3 Nc6 8. d5 Ne5 9. Bxe5 dxe5 10. g3 e6 11. Bg2 0-0 12. 0-0 Qe7 13. Nd2 Bh6 14. e3 Ng7 15. Qc2 f5 16. Rfe1 Ne8 17. Rad1 exd5 18. Nxd5 Qf7 19. Nf3 c6 20. Nc3 Bg7 21. Ne2 h6 22. Rd2 Be6 23. b3 Qc7 24. Red1 1/2-1/2

[Event "Lingen op 4th"]
[Site "Lingen"]
[Date "2012.07.21"]
[Round "2"]
[White "Gutman, Lev"]
[Black "Falk, Tobias"]
[Result "1-0"]
[WhiteElo "2450"]
[BlackElo "2019"]
[PlyCount "69"]
[EventDate "2012.07.20"]
[EventType "swiss"]
[EventRounds "5"]
[EventCountry "GER"]
[SourceTitle "EXT 2013"]
[Source "ChessBase"]
[SourceDate "2012.11.22"]
[SourceVersion "1"]
[SourceVersionDate "2012.11.22"]
[SourceQuality "1"]

1. Nf3 d6 2. d4 Bg4 3. c4 Bxf3 4. exf3 Nd7 5. Nc3 g6 6. g3 Bg7 7. Bg2 e6 8. 0-0 Ne7 9. Re1 0-0 10. g4 Nb6 11. b3 Nc6 12. Be3 e5 13. dxe5 Bxe5 14. Rc1 f5 15. f4 Bg7 16. g5 Nd7 17. h4 h5 18. Ne2 Nc5 19. Ng3 Nb4 20. Re2 Nbd3 21. Rb1 Ne4 22. Qxd3 Nc3 23. Bxb7 Rb8 24. Bd5+ Kh7 25. Rbe1 Nxe2+ 26. Rxe2 c5 27. Rd2 Qe7 28. Qe2 Qe8 29. Qf3 Qe7 30. Nxh5 a5 31. Nxg7 Qxg7 32. h5 Rh8 33. Be6 Qe7 34. Qd5 Rbd8 35. Bf7 1-0

[Event "Niedersachsen-ch M"]
[Site "Verden"]
[Date "2007.01.06"]
[Round "8"]
[White "Falk, Tobias"]
[Black "Tonndorf, Matthias"]
[Result "0-1"]
[WhiteElo "1968"]
[BlackElo "2107"]
[PlyCount "164"]
[EventDate "2007.01.03"]
[EventType "swiss"]
[EventRounds "9"]
[EventCountry "GER"]
[SourceTitle "EXT 2008"]
[Source "ChessBase"]
[SourceDate "2007.11.25"]
[SourceVersion "1"]
[SourceVersionDate "2007.11.25"]
[SourceQuality "1"]

1. c4 c5 2. Nc3 b6 3. e4 Bb7 4. d3 g6 5. g3 Bg7 6. Bg2 e6 7. Nge2 Nc6 8. Be3 Nd4 9. 0-0 a6 10. Qd2 d6 11. Bxd4 cxd4 12. Nd1 Ne7 13. b3 0-0 14. Nb2 Rc8 15. Rac1 Qc7 16. Na4 Bc6 17. Qb4 Rb8 18. Nb2 Kh8 19. Qd2 Ng8 20. Qc2 Bh6 21. Rb1 e5 22. Kh1 Qb7 23. f3 Rbc8 24. Ng1 Rc7 25. Qe2 f5 26. Nh3 Rcf7 27. Nf2 Qe7 28. Nh3 Qe6 29. Ra1 Nf6 30. Nf2 Qc8 31. Bh3 Bd7 32. Kg2 Nh5 33. Rab1 Ng7 34. Ra1 Ne6 35. Kh1 Ng5 36. Bg2 Qc5 37. a3 a5 38. Kg1 Ne6 39. Kh1 Be3 40. Nbd1 f4 41. g4 g5 42. Nh3 b5 43. Ndf2 h6 44. Rfb1 Qc7 45. Bf1 Nc5 46. Ra2 Rb8 47. Rab2 Be6 48. Nd1 Qc6 49. Qc2 Qa6 50. Qg2 Rfb7 51. Qc2 Qa7 52. Kg2 Rb6 53. Kh1 R8b7 54. b4 Na4 55. bxa5 Qxa5 56. Rb4 Nc5 57. Rxb5 Rxb5 58. Rxb5 Rxb5 59. cxb5 Qxb5 60. Qb2 Qxb2 61. Nxb2 Bc1 62. Nd1 Bxa3 63. Kg2 Bb3 64. Ndf2 Bc2 65. Kh1 Bc1 66. Kg2 Be3 67. Kh1 Kg7 68. Kg2 Kf6 69. Kh1 Ke7 70. Be2 Kd7 71. Kg2 Kc6 72. Kf1 Kb5 73. Bd1 Bxf2 74. Bxc2 Bh4 75. Ke2 Kb4 76. Kd2 Ka3 77. Ng1 Kb2 78. Ne2 Be1+ 79. Kd1 Bf2 80. Nc1 Bg1 81. h3 Bf2 82. Ne2 Be3 0-1

[Event "Niedersachsen-ch M"]
[Site "Verden"]
[Date "2007.01.04"]
[Round "3"]
[White "Falk, Tobias"]
[Black "Laake, Jasmin Maria"]
[Result "1-0"]
[WhiteElo "1968"]
[BlackElo "2017"]
[PlyCount "57"]
[EventDate "2007.01.03"]
[EventType "swiss"]
[EventRounds "9"]
[EventCountry "GER"]
[SourceTitle "EXT 2008"]
[Source "ChessBase"]
[SourceDate "2007.11.25"]
[SourceVersion "1"]
[SourceVersionDate "2007.11.25"]
[SourceQuality "1"]

1. c4 Nf6 2. d4 g6 3. Nc3 Bg7 4. Nf3 0-0 5. Bg5 h6 6. Bh4 d6 7. e3 c5 8. d5 Qa5 9. Qd2 e6 10. Bd3 exd5 11. Bxf6 Bxf6 12. Nxd5 Bd8 13. Ne7+ Kg7 14. Nxc8 Qa6 15. 0-0 Bf6 16. Nxa7 Rxa7 17. a3 Nc6 18. Rab1 Na5 19. Qc2 d5 20. Nd2 Rc8 21. cxd5 c4 22. b4 cxb3 23. Qxc8 Qxd3 24. Qc5 Ra6 25. Rfd1 Qc2 26. Nxb3 Qe4 27. Nxa5 b6 28. Rxb6 Qa4 29. Nb3 1-0

[Event "Niedersachsen-ch"]
[Site "Verden"]
[Date "2006.01.06"]
[Round "3"]
[White "Falk, Tobias"]
[Black "Dan, Efim"]
[Result "1-0"]
[WhiteElo "1992"]
[BlackElo "2143"]
[PlyCount "107"]
[EventDate "2006.01.??"]
[EventType "swiss"]
[EventRounds "7"]
[EventCountry "GER"]
[SourceTitle "CBM 110 Extra"]
[Source "ChessBase"]
[SourceDate "2006.03.10"]
[SourceVersion "2"]
[SourceVersionDate "2006.03.10"]
[SourceQuality "1"]

1. c4 c5 2. Nc3 Nc6 3. g3 g6 4. Bg2 Bg7 5. e3 e6 6. Nge2 b6 7. d4 Nge7 8. 0-0 0-0 9. Re1 Bb7 10. Rb1 Na5 11. b3 Bxg2 12. Kxg2 Qc7 13. d5 a6 14. Kg1 Nb7 15. Qd3 e5 16. e4 Nd6 17. Be3 f5 18. f3 Rf7 19. Rf1 Raf8 20. Kg2 Kh8 21. a4 Ng8 22. Bd2 Bh6 23. Bxh6 Nxh6 24. Qe3 Kg7 25. h3 Ng8 26. g4 fxe4 27. Nxe4 Nxe4 28. fxe4 d6 29. Ng3 h6 30. Rxf7+ Rxf7 31. Rf1 Qe7 32. Rxf7+ Qxf7 33. Qf3 Qf4 34. Qxf4 exf4 35. Ne2 g5 36. Nc1 Ne7 37. Nd3 Ng6 38. Kf2 Kf6 39. Kg2 Ne5 40. Ne1 Kg6 41. Kf2 h5 42. gxh5+ Kxh5 43. Nf3 Nxf3 44. Kxf3 Kg6 45. h4 gxh4 46. Kxf4 h3 47. Kg3 Kf6 48. Kxh3 Ke5 49. Kg4 Kxe4 50. Kg5 b5 51. axb5 axb5 52. cxb5 Ke5 53. b6 Kxd5 54. b7 1-0

[Event "Lueneburg distr-chB"]
[Site "Buxtehude"]
[Date "2005.10.19"]
[Round "7"]
[White "Meschke, Oliver"]
[Black "Falk, Tobias"]
[Result "1-0"]
[WhiteElo "1795"]
[BlackElo "1823"]
[PlyCount "65"]
[EventDate "2005.10.15"]
[EventType "swiss"]
[EventRounds "9"]
[EventCountry "GER"]
[SourceTitle "EXT 2008"]
[Source "ChessBase"]
[SourceDate "2007.11.25"]
[SourceVersion "1"]
[SourceVersionDate "2007.11.25"]
[SourceQuality "1"]

1. f4 d5 2. Nf3 Bg4 3. Ne5 Bh5 4. g3 e6 5. Bg2 Nf6 6. 0-0 Nbd7 7. Nxd7 Qxd7 8. d3 Bc5+ 9. d4 Bb6 10. c3 0-0 11. Nd2 Qb5 12. Bf3 Bg6 13. a4 Qa6 14. a5 c6 15. Nb3 Bc7 16. Nc5 Qb5 17. e3 Bxa5 18. Be2 Qb6 19. Nb3 Bxc3 20. bxc3 Qc7 21. Ba3 Rfe8 22. Nd2 b6 23. Nf3 h6 24. Ne5 Bh7 25. Bh5 Nxh5 26. Qxh5 f6 27. Nf3 c5 28. Rac1 Qc6 29. g4 Qc7 30. g5 hxg5 31. fxg5 Bd3 32. Rf2 cxd4 33. g6 1-0

[Event "Lueneburg distr-chB"]
[Site "Buxtehude"]
[Date "2005.10.15"]
[Round "1"]
[White "Baatz, Ralf"]
[Black "Falk, Tobias"]
[Result "0-1"]
[WhiteElo "1740"]
[BlackElo "1823"]
[PlyCount "106"]
[EventDate "2005.10.15"]
[EventType "swiss"]
[EventRounds "9"]
[EventCountry "GER"]
[SourceTitle "EXT 2008"]
[Source "ChessBase"]
[SourceDate "2007.11.25"]
[SourceVersion "1"]
[SourceVersionDate "2007.11.25"]
[SourceQuality "1"]

1. e4 c6 2. Nc3 d5 3. Nf3 dxe4 4. Nxe4 Nd7 5. Bc4 Ngf6 6. Qe2 Nxe4 7. Qxe4 Nf6 8. Qe2 Bf5 9. d3 h6 10. Bd2 e6 11. h3 Be7 12. Ne5 Nd5 13. 0-0-0 Qc7 14. g4 Bh7 15. h4 Bd6 16. Rde1 0-0-0 17. Rh3 f6 18. Nf3 e5 19. g5 hxg5 20. hxg5 Bf5 21. Rh4 Rde8 22. Reh1 Qd8 23. Qf1 Bc5 24. R1h2 e4 25. dxe4 Rxh4 26. Nxh4 Bxe4 27. f3 Nb6 28. Ba5 Bd5 29. Bxd5 Qxd5 30. Bxb6 Bxb6 31. Kb1 Qxg5 32. a3 Kb8 33. f4 Qg3 34. Re2 Rxe2 35. Qxe2 Qxh4 36. Qe8+ Kc7 37. Qe7+ Kc8 38. Qe6+ Kd8 39. Qd6+ Ke8 40. Qe6+ Kf8 41. Qd6+ Kf7 42. Qd7+ Kg6 43. f5+ Kh6 44. Ka2 Qc4+ 45. Kb1 Qd5 46. Qxb7 Qd1+ 47. Ka2 Qxc2 48. Qd7 Qc4+ 49. Kb1 Qd5 50. Qc8 Bd4 51. Kc2 Qc4+ 52. Kd2 Bxb2 53. Qd7 Bc3+ 0-1

[Event "Niedersachsen-ch U18"]
[Site "Rotenburg/Wuemme"]
[Date "2005.03.25"]
[Round "9"]
[White "Falk, Tobias"]
[Black "Nuesken, Nikolas"]
[Result "0-1"]
[WhiteElo "1777"]
[BlackElo "2237"]
[PlyCount "76"]
[EventDate "2005.03.19"]
[EventType "swiss"]
[EventRounds "9"]
[EventCountry "GER"]
[SourceTitle "EXT 2007"]
[Source "ChessBase"]
[SourceDate "2006.11.23"]
[SourceVersion "1"]
[SourceVersionDate "2006.11.23"]
[SourceQuality "1"]

1. c4 Nf6 2. Nc3 e6 3. d4 Bb4 4. Nf3 b6 5. Bg5 h6 6. Bh4 Bb7 7. e3 g5 8. Bg3 Ne4 9. Qc2 d6 10. Nd2 Bxc3 11. bxc3 Nxg3 12. hxg3 Nd7 13. e4 Qe7 14. Be2 0-0-0 15. 0-0-0 Qf6 16. f3 h5 17. Kb2 Rdf8 18. Rh2 h4 19. g4 Re8 20. Rf1 c5 21. Nb3 Kb8 22. d5 Ne5 23. Nd2 Ba6 24. Qd1 Ng6 25. Rf2 Nf4 26. Qa4 Bb7 27. Bf1 Qe5 28. Rh1 exd5 29. cxd5 Bxd5 30. Bb5 Bb7 31. Kc2 Rd8 32. Nc4 Qe6 33. Ba6 d5 34. Na5 bxa5 35. Bxb7 Kxb7 36. Rb1+ Ka8 37. Qxa5 dxe4 38. Qb5 Rb8 0-1

[Event "Niedersachsen-chT U14"]
[Site "Verden"]
[Date "2001.05.27"]
[Round "7.1"]
[White "Mersmann, Maren"]
[Black "Falk, Tobias"]
[Result "1/2-1/2"]
[WhiteElo "1432"]
[BlackElo "1210"]
[PlyCount "80"]
[EventDate "2001.05.??"]
[EventType "team"]
[EventRounds "7"]
[EventCountry "GER"]
[SourceTitle "EXT 2003"]
[Source "ChessBase"]
[SourceDate "2002.11.25"]
[SourceVersion "1"]
[SourceVersionDate "2002.11.25"]
[SourceQuality "1"]

1. e4 e5 2. Nf3 Nc6 3. d4 exd4 4. Nxd4 Be7 5. Nc3 Bf6 6. Be3 Nge7 7. Bc4 0-0 8. 0-0 d6 9. f4 Nxd4 10. Bxd4 Nc6 11. Bxf6 Qxf6 12. Rb1 Be6 13. Bxe6 fxe6 14. Qd2 Qd4+ 15. Qxd4 Nxd4 16. Rf2 g6 17. Rd1 Nc6 18. Nb5 Rac8 19. Nd4 Nxd4 20. Rxd4 Rf7 21. Rd1 Rcf8 22. Rdf1 Kg7 23. c4 a5 24. g3 b6 25. Kg2 e5 26. fxe5 Rxf2+ 27. Rxf2 Rxf2+ 28. Kxf2 dxe5 29. Ke3 Kf6 30. h3 h5 31. Kf3 g5 32. Ke3 Ke6 33. a3 Kd6 34. b4 axb4 35. axb4 Kc6 36. Kd3 b5 37. c5 Kd7 38. Ke3 Ke6 39. Kf3 Kf6 40. g4 h4 1/2-1/2

[Event "Niedersachsen-chT U14"]
[Site "Verden"]
[Date "2001.05.26"]
[Round "5.1"]
[White "Rachut, Steffen"]
[Black "Falk, Tobias"]
[Result "1-0"]
[WhiteElo "1595"]
[BlackElo "1210"]
[PlyCount "81"]
[EventDate "2001.05.??"]
[EventType "team"]
[EventRounds "7"]
[EventCountry "GER"]
[SourceTitle "EXT 2003"]
[Source "ChessBase"]
[SourceDate "2002.11.25"]
[SourceVersion "1"]
[SourceVersionDate "2002.11.25"]
[SourceQuality "1"]

1. e4 e5 2. d4 Nc6 3. d5 Nce7 4. d6 cxd6 5. Qxd6 Nc6 6. Qd1 Nf6 7. Bg5 Be7 8. Bxf6 Bxf6 9. Nc3 0-0 10. Bc4 d6 11. Nge2 Qe7 12. Nd5 Qd8 13. f3 Be6 14. g3 Bg5 15. h4 Bh6 16. g4 g6 17. g5 Bg7 18. Qd2 Ne7 19. 0-0-0 Re8 20. Nec3 Nxd5 21. Bxd5 Bxd5 22. Nxd5 Qd7 23. h5 Rad8 24. Qh2 Kf8 25. hxg6 fxg6 26. Qxh7 Qf7 27. Rdf1 Qg8 28. Qxg6 Re6 29. Qh5 Qf7 30. Qg4 Kg8 31. Qh4 Qg6 32. f4 Qxe4 33. f5 Qxh4 34. Rxh4 Ree8 35. f6 Kf7 36. Rh7 Ke6 37. Nc7+ Kd7 38. Rxg7+ Kc6 39. Nxe8 Rxe8 40. f7 Rf8 41. Rg8 1-0

[Event "Niedersachsen-ch U14"]
[Site "Rotenburg"]
[Date "2001.04.??"]
[Round "3"]
[White "Kaiser, David"]
[Black "Falk, Tobias"]
[Result "1-0"]
[WhiteElo "1122"]
[BlackElo "1127"]
[PlyCount "85"]
[EventDate "2001.04.??"]
[EventType "swiss"]
[EventRounds "7"]
[EventCountry "GER"]
[SourceTitle "EXT 2003"]
[Source "ChessBase"]
[SourceDate "2002.11.25"]
[SourceVersion "1"]
[SourceVersionDate "2002.11.25"]
[SourceQuality "1"]

1. e4 e5 2. Nc3 Bc5 3. Bc4 d6 4. d3 Nc6 5. f4 exf4 6. Bxf4 Nge7 7. Nge2 Bg4 8. Qd2 Nd4 9. Nxd4 Bxd4 10. h3 Bh5 11. g4 Bg6 12. 0-0-0 Nc6 13. a3 Qf6 14. h4 h6 15. Rdf1 Bxc3 16. Qxc3 Qxc3 17. bxc3 Ne5 18. Bxe5 dxe5 19. h5 Bh7 20. Rxf7 0-0-0 21. Rxg7 Bg8 22. Bxg8 Rdxg8 23. Rxg8+ Rxg8 24. Rg1 Kd7 25. Kd2 Kd6 26. Ke3 c5 27. Rf1 Rh8 28. d4 cxd4+ 29. cxd4 exd4+ 30. Kxd4 Ke6 31. e5 a6 32. Rf6+ Ke7 33. Ke4 a5 34. Rb6 Rc8 35. Rxb7+ Kf8 36. Rb2 Rc4+ 37. Kf5 Ke7 38. Rb7+ Ke8 39. Rh7 Rxc2 40. Rxh6 Rc5 41. Rh8+ Kf7 42. h6 Rc2 43. g5 1-0